[Event "MGL-ch (Women)"]
[Site "Ulaanbaatar"]
[Date "2023.05.28"]
[Round "9"]
[White "Enkhsaran, Batsaikhan"]
[Black "Mungunzul, Bat Erdene"]
[Result "1-0"]
[WhiteElo "1756"]
[BlackElo "2299"]
[PlyCount "113"]
[EventDate "2023.05.20"]
[EventType "tourn"]
[EventRounds "11"]
[EventCountry "MGL"]
[SourceTitle "CBM 214 Extra"]
[Source "ChessBase"]
[SourceDate "2023.07.31"]
[SourceVersion "1"]
[SourceVersionDate "2023.07.31"]
[SourceQuality "1"]

1. d4 d5 2. c4 c6 3. Nf3 Nf6 4. Qc2 g6 5. cxd5 cxd5 6. Bf4 Nc6 7. e3 Bg7 8. Be2 0-0 9. 0-0 Nh5 10. Bg5 h6 11. Bh4 Bf5 12. Qb3 Na5 13. Qa3 g5 14. Bg3 Nxg3 15. hxg3 a6 16. Nc3 Rc8 17. Rac1 e6 18. Na4 Nc4 19. Bxc4 dxc4 20. Nc5 b6 21. Nb7 Qd5 22. Nd6 Rc6 23. Nxf5 Qxf5 24. Qxa6 Rfc8 25. a4 Qd5 26. Rc3 g4 27. Nd2 e5 28. Rfc1 exd4 29. Rxc4 Rxc4 30. Rxc4 Rxc4 31. Qxc4 Qa5 32. Qc8+ Kh7 33. Qc2+ Kh8 34. exd4 Bxd4 35. b3 Qe5 36. Qe4 Qc5 37. Qf4 Qc1+ 38. Nf1 Qxf4 39. gxf4 Kh7 40. Ne3 h5 41. Kf1 Kg6 42. g3 Bc5 43. Ke2 f6 44. Nd5 Kf5 45. b4 Bd4 46. f3 Ke6 47. Nc7+ Kf5 48. Nb5 Bg1 49. a5 bxa5 50. bxa5 h4 51. gxh4 Kxf4 52. h5 Kg5 53. fxg4 f5 54. gxf5 Kxf5 55. Kd3 Kf6 56. Nd4 Bh2 57. a6 1-0

[Event "Eastern Asia-ch zt 3.3 (Women)"]
[Site "Ulaanbaatar"]
[Date "2019.04.12"]
[Round "6"]
[White "Enkhsaran, Batsaikhan"]
[Black "Pham, Le Thao Nguyen"]
[Result "0-1"]
[WhiteElo "1792"]
[BlackElo "2383"]
[PlyCount "90"]
[EventDate "2019.04.07"]
[EventType "swiss"]
[EventRounds "9"]
[EventCountry "MGL"]
[SourceTitle "CBM 189 Extra"]
[Source "ChessBase"]
[SourceDate "2019.06.03"]
[SourceVersion "1"]
[SourceVersionDate "2019.06.03"]
[SourceQuality "1"]

1. d4 d5 2. c4 c6 3. cxd5 cxd5 4. Bf4 Nc6 5. Nc3 Nf6 6. Nf3 Bf5 7. e3 e6 8. Rc1 Bb4 9. Bd3 Bg4 10. 0-0 0-0 11. Be2 Nd7 12. a3 Be7 13. h3 Bh5 14. Nd2 Bxe2 15. Qxe2 Nb6 16. Rfe1 Rc8 17. b4 a5 18. b5 Na7 19. a4 Ba3 20. Rc2 Nxa4 21. Ndb1 Nxc3 22. Rxc3 Rxc3 23. Nxc3 b6 24. Qg4 Re8 25. Qg3 Qd7 26. Be5 Bf8 27. Rb1 Rc8 28. Na4 Qd8 29. Nc5 Qe8 30. Na4 Nxb5 31. Nxb6 Nc3 32. Rb2 Rc6 33. Qg4 a4 34. Nxa4 Nxa4 35. Rb7 Nb6 36. Rb8 Nc8 37. e4 dxe4 38. Qxe4 Qd7 39. Qg4 f6 40. Bg3 Bd6 41. Rb1 Bxg3 42. fxg3 Ne7 43. Qe4 Qd5 44. Rb8+ Rc8 45. Qxd5 exd5 0-1

[Event "Eastern Asia-ch zt 3.3 (Women)"]
[Site "Ulaanbaatar"]
[Date "2019.04.09"]
[Round "3"]
[White "Nguyen, Thi Thanh An"]
[Black "Enkhsaran, Batsaikhan"]
[Result "1-0"]
[WhiteElo "2264"]
[BlackElo "1792"]
[PlyCount "55"]
[EventDate "2019.04.07"]
[EventType "swiss"]
[EventRounds "9"]
[EventCountry "MGL"]
[SourceTitle "CBM 189 Extra"]
[Source "ChessBase"]
[SourceDate "2019.06.03"]
[SourceVersion "1"]
[SourceVersionDate "2019.06.03"]
[SourceQuality "1"]

1. Nf3 d5 2. c4 c6 3. d4 Nf6 4. e3 e6 5. Bd3 Nbd7 6. 0-0 Bd6 7. Nbd2 0-0 8. e4 dxe4 9. Nxe4 Nxe4 10. Bxe4 h6 11. Bc2 c5 12. Qd3 Nf6 13. Ne5 cxd4 14. Bf4 Re8 15. Qxd4 Bc7 16. Qe3 Qe7 17. Rad1 Bd7 18. Bg3 Bb6 19. Qf3 Red8 20. Qxb7 Qb4 21. Qf3 Qxb2 22. Rd2 Qb4 23. Rxd7 Qb2 24. Qb3 Qxb3 25. Rxd8+ Rxd8 26. Bxb3 Ne4 27. Rd1 Rxd1+ 28. Bxd1 1-0

[Event "Eastern Asia-ch zt 3.3 (Women)"]
[Site "Ulaanbaatar"]
[Date "2019.04.08"]
[Round "2"]
[White "Enkhsaran, Batsaikhan"]
[Black "Yanjinlkham, Bayarsaikhan"]
[Result "0-1"]
[WhiteElo "1792"]
[BlackElo "1951"]
[PlyCount "185"]
[EventDate "2019.04.07"]
[EventType "swiss"]
[EventRounds "9"]
[EventCountry "MGL"]
[SourceTitle "CBM 189 Extra"]
[Source "ChessBase"]
[SourceDate "2019.06.03"]
[SourceVersion "1"]
[SourceVersionDate "2019.06.03"]
[SourceQuality "1"]

1. d4 d5 2. Nf3 c6 3. g3 e6 4. Bg2 f5 5. c4 Nf6 6. Nc3 Bd6 7. 0-0 0-0 8. Qc2 Ne4 9. Nd2 Nd7 10. f3 Nxc3 11. Qxc3 Qe7 12. e4 dxe4 13. fxe4 c5 14. Nb3 cxd4 15. Nxd4 Nc5 16. exf5 exf5 17. Bd5+ Kh8 18. Bd2 Ne4 19. Bxe4 fxe4 20. Rxf8+ Qxf8 21. Rf1 Qe7 22. b4 Bh3 23. Re1 Rf8 24. Ne2 Be5 25. Qc2 Qf6 26. Bf4 Qb6+ 27. c5 Qxb4 28. Rd1 Bxf4 29. gxf4 h6 30. Kf2 Qa3 31. Qxe4 Qxc5+ 32. Qd4 Qh5 33. Rg1 Qf7 34. Qxa7 Be6 35. Rb1 Bd5 36. Qc5 Kg8 37. Rb4 Bxa2 38. Nc3 Be6 39. Qe5 Qf6 40. Qxf6 Rxf6 41. Ke3 Rf7 42. Rb6 Bh3 43. Ne4 Bg2 44. Nd6 Re7+ 45. Kd4 Bc6 46. f5 Re2 47. Nxb7 Bxb7 48. Rxb7 Rxh2 49. Ke3 Rh4 50. Kf3 Ra4 51. Kg3 h5 52. Rc7 Rg4+ 53. Kf3 Ra4 54. Kg3 Kf8 55. Rb7 Re4 56. Kf3 Ra4 57. Kg3 h4+ 58. Kh3 Rf4 59. Ra7 Kg8 60. Rb7 Kf8 61. Ra7 Rb4 62. Rc7 Rd4 63. Rb7 Rf4 64. Rc7 Kg8 65. Rb7 Rd4 66. Ra7 Rf4 67. Rb7 Kh7 68. f6 Rxf6 69. Kxh4 Kh6 70. Kg4 Rc6 71. Rb4 Rc1 72. Rd4 Rg1+ 73. Kf3 Kh5 74. Rd2 Kg5 75. Rd5+ Kh4 76. Rd4+ Kh3 77. Rd7 Rg6 78. Rf7 Rg3+ 79. Kf2 Rg5 80. Kf3 Rg6 81. Rf8 Rg3+ 82. Kf2 Rb3 83. Rg8 Rb7 84. Kf3 Rf7+ 85. Ke2 Kg4 86. Rh8 Rf5 87. Rh1 g5 88. Rh8 Kg3 89. Rh7 g4 90. Rg7 Kh3 91. Rh7+ Kg2 92. Rg7 g3 93. Rg8 0-1

[Event "Eastern Asia-ch zt 3.3 (Women)"]
[Site "Ulaanbaatar"]
[Date "2019.04.07"]
[Round "1"]
[White "Lkhagvajed, Gantulga"]
[Black "Enkhsaran, Batsaikhan"]
[Result "0-1"]
[WhiteElo "1344"]
[BlackElo "1792"]
[PlyCount "128"]
[EventDate "2019.04.07"]
[EventType "swiss"]
[EventRounds "9"]
[EventCountry "MGL"]
[SourceTitle "CBM 189 Extra"]
[Source "ChessBase"]
[SourceDate "2019.06.03"]
[SourceVersion "1"]
[SourceVersionDate "2019.06.03"]
[SourceQuality "1"]

1. d4 d5 2. Nf3 Nf6 3. Bg5 Ne4 4. Bf4 c5 5. c3 Nc6 6. e3 Bf5 7. Nbd2 e6 8. Be2 Bd6 9. Bg3 0-0 10. 0-0 h6 11. dxc5 Nxc5 12. Nd4 Bg6 13. Nxc6 bxc6 14. c4 Nd3 15. b3 Ba3 16. Nf3 Nb4 17. Qd2 Nc2 18. Rad1 Bb4 19. Qc1 Ba3 20. Qd2 Nb4 21. Ne5 Bc2 22. Rde1 Bh7 23. c5 Qe7 24. Qc3 a5 25. Nf3 Rfc8 26. Bd6 Qa7 27. Nd4 Na6 28. Bxa6 Qxa6 29. Rd1 Bb4 30. Qb2 a4 31. a3 Ba5 32. b4 Bd8 33. Rfe1 Bf6 34. Qe2 Qb7 35. Qg4 Qd7 36. f3 Ra7 37. e4 e5 38. Nf5 Kh8 39. Ne3 dxe4 40. fxe4 Bg5 41. Qxd7 Bxe3+ 42. Rxe3 Rxd7 43. Rb1 f6 44. b5 cxb5 45. Rxb5 Bg8 46. Kf2 Bb3 47. Rexb3 axb3 48. Rxb3 Ra7 49. Rd3 Ra6 50. Rc3 Rca8 51. Ke2 Rxa3 52. Rxa3 Rxa3 53. c6 Rc3 54. c7 Rc6 55. Kf3 Kg8 56. Kg4 Kf7 57. Kh5 Ke6 58. Ba3 Rxc7 59. Kg4 g6 60. Bf8 h5+ 61. Kf3 Rc3+ 62. Ke2 Rc2+ 63. Kf3 f5 64. exf5+ Kxf5 0-1

[Event "Wch U12 Girls"]
[Site "Santiago de Compostela"]
[Date "2018.11.08"]
[Round "4"]
[White "Menon, Gauri"]
[Black "Enkhsaran, Batsaikhan"]
[Result "0-1"]
[WhiteElo "1592"]
[BlackElo "1614"]
[PlyCount "80"]
[EventDate "2018.11.04"]
[EventType "swiss"]
[EventRounds "11"]
[EventCountry "ESP"]
[SourceTitle "EXT 2022"]
[Source "ChessBase"]
[SourceDate "2021.10.06"]
[SourceVersion "1"]
[SourceVersionDate "2021.10.06"]
[SourceQuality "1"]

1. Nf3 d5 2. c4 d4 3. e3 Nc6 4. exd4 Nxd4 5. Nxd4 Qxd4 6. Nc3 c6 7. d3 Nh6 8. Be3 Qd8 9. Be2 g6 10. 0-0 Nf5 11. Qd2 Bg7 12. Rad1 Nd4 13. Bxd4 Qxd4 14. Qe3 Be6 15. Bf3 0-0 16. Qxd4 Bxd4 17. Ne2 Rad8 18. b4 Bg7 19. Nf4 Bc8 20. a4 g5 21. Nh5 Bd4 22. Ng3 g4 23. Be2 f5 24. Kh1 f4 25. Ne4 f3 26. gxf3 gxf3 27. Rg1+ Kh8 28. Bf1 h6 29. Rd2 Rf4 30. Rc2 Be5 31. Ng3 Rh4 32. b5 Rdd4 33. Bh3 Bxh3 34. Re1 Rxd3 35. Rcc1 Bxg3 36. fxg3 Rhd4 37. Kg1 Rd2 38. Rxe7 f2+ 39. Kh1 Rd1+ 40. Rxd1 Rxd1+ 0-1

[Event "Asia-ch U20 Girls"]
[Site "Ulaanbaatar"]
[Date "2018.08.25"]
[Round "9"]
[White "Munkhzul, Davaakhuu"]
[Black "Enkhsaran, Batsaikhan"]
[Result "0-1"]
[WhiteElo "1823"]
[BlackElo "1498"]
[PlyCount "86"]
[EventDate "2018.08.19"]
[EventType "swiss"]
[EventRounds "9"]
[EventCountry "MGL"]
[SourceTitle "CBM 186 Extra"]
[Source "ChessBase"]
[SourceDate "2018.08.24"]
[SourceVersion "1"]
[SourceVersionDate "2018.08.24"]
[SourceQuality "1"]

1. e4 e6 2. d4 d5 3. Nd2 dxe4 4. Nxe4 Nf6 5. Ng3 c5 6. Nf3 Nc6 7. Be3 Qb6 8. Be2 cxd4 9. Nxd4 Bc5 10. Nxc6 Bxe3 11. fxe3 bxc6 12. 0-0 Qxe3+ 13. Kh1 0-0 14. Bd3 Bb7 15. Rf3 Qe5 16. Qf1 c5 17. Re1 Qg5 18. Rf4 Rad8 19. Ne4 Nxe4 20. Bxe4 Rd4 21. h3 f5 22. Bxb7 Rxf4 23. Qa6 h6 24. Qxa7 Qg3 25. Rd1 Qf2 26. Qb6 Qe2 27. Rg1 Rb4 28. Qc6 Rxb2 29. Bc8 Rxc2 30. a4 Kh7 31. a5 Ra2 32. Qxc5 Rxc8 33. Qxc8 Rxa5 34. Qc3 Rd5 35. Qb3 Rb5 36. Qa4 Qd3 37. Qa2 e5 38. Qe6 f4 39. Re1 f3 40. gxf3 Qxf3+ 41. Kg1 Rb2 42. Qg4 Qf2+ 43. Kh1 Qh2# 0-1

[Event "Asia-ch U20 Girls"]
[Site "Ulaanbaatar"]
[Date "2018.08.23"]
[Round "6"]
[White "Enkhsaran, Batsaikhan"]
[Black "Bayasgalan, Khishigbaatar"]
[Result "1-0"]
[WhiteElo "1498"]
[BlackElo "1524"]
[PlyCount "61"]
[EventDate "2018.08.19"]
[EventType "swiss"]
[EventRounds "9"]
[EventCountry "MGL"]
[SourceTitle "CBM 186 Extra"]
[Source "ChessBase"]
[SourceDate "2018.08.24"]
[SourceVersion "1"]
[SourceVersionDate "2018.08.24"]
[SourceQuality "1"]

1. d4 Nf6 2. Nf3 d5 3. g3 e6 4. Bg2 Be7 5. c4 0-0 6. 0-0 dxc4 7. Ne5 Nc6 8. Nxc6 bxc6 9. Bxc6 Rb8 10. Nc3 Qd6 11. Bg2 Rd8 12. Bf4 Qd7 13. Qc2 Bb7 14. e4 Rbc8 15. Rfd1 Bb4 16. Bg5 Be7 17. Qe2 Ba6 18. Bh3 Qc6 19. d5 Qc5 20. Be3 Qb4 21. dxe6 Rb8 22. e5 Ne8 23. exf7+ Kxf7 24. Qf3+ Bf6 25. exf6 Nxf6 26. Bg5 Qxb2 27. Bxf6 gxf6 28. Rab1 Qc2 29. Rxb8 Rxb8 30. Rd7+ Kg6 31. Qg4+ 1-0

[Event "Wch U10 Girls"]
[Site "Pocos de Caldas"]
[Date "2017.08.28"]
[Round "8"]
[White "Brito Carrascal, Isabela"]
[Black "Enkhsaran, Batsaikhan"]
[Result "0-1"]
[WhiteElo "1318"]
[BlackElo "1537"]
[PlyCount "126"]
[EventDate "2017.08.22"]
[EventType "swiss"]
[EventRounds "11"]
[EventCountry "BRA"]
[SourceTitle "CBM 180 Extra"]
[Source "ChessBase"]
[SourceDate "2017.10.06"]
[SourceVersion "1"]
[SourceVersionDate "2017.10.06"]
[SourceQuality "1"]

1. e4 c5 2. Nf3 d6 3. d4 cxd4 4. Nxd4 Nf6 5. Nc3 a6 6. f3 e6 7. Be3 b5 8. Bd3 Bb7 9. 0-0 Be7 10. Qd2 0-0 11. Rae1 Nbd7 12. Kh1 b4 13. Nce2 d5 14. exd5 Nxd5 15. Nb3 Nxe3 16. Qxe3 Nf6 17. Qd2 Rc8 18. Ng3 a5 19. Rd1 a4 20. Nd4 Bc5 21. Nde2 Nd5 22. Rb1 Be3 23. Qd1 Bb6 24. Be4 Qc7 25. Bxd5 Bxd5 26. b3 a3 27. Qd2 Bc5 28. Nf4 Bb7 29. Nd3 Rfd8 30. Qe1 Ba6 31. Ne4 Be7 32. Rc1 Bxd3 33. cxd3 Qxc1 34. Qxc1 Rxc1 35. Rxc1 Rxd3 36. Rc8+ Rd8 37. Rxd8+ Bxd8 38. Kg1 f5 39. Nd2 e5 40. Kf2 Kf7 41. Nc4 Ke6 42. Ke3 Kd5 43. g4 Bg5+ 44. Kd3 e4+ 45. fxe4+ fxe4+ 46. Ke2 Kd4 47. h3 h6 48. Nd6 Kc3 49. h4 Bxh4 50. Nxe4+ Kc2 51. Ke3 Bg5+ 52. Nxg5 hxg5 53. Ke2 Kb2 54. Kd2 Kxa2 55. Kc2 g6 56. Kc1 Kxb3 57. Kb1 Kc3 58. Ka2 b3+ 59. Kb1 b2 60. Ka2 Kc2 61. Kxa3 b1Q 62. Ka4 Qb6 63. Ka3 Qb3# 0-1

[Event "Wch U10 Girls"]
[Site "Pocos de Caldas"]
[Date "2017.08.22"]
[Round "1"]
[White "Enkhsaran, Batsaikhan"]
[Black "Gomez Camara, Sofia"]
[Result "1-0"]
[WhiteElo "1537"]
[BlackElo "1136"]
[PlyCount "79"]
[EventDate "2017.08.22"]
[EventType "swiss"]
[EventRounds "11"]
[EventCountry "BRA"]
[SourceTitle "CBM 180 Extra"]
[Source "ChessBase"]
[SourceDate "2017.10.06"]
[SourceVersion "1"]
[SourceVersionDate "2017.10.06"]
[SourceQuality "1"]

1. e4 c5 2. Nf3 d6 3. d4 cxd4 4. Nxd4 Nf6 5. Nc3 g6 6. f3 Bg7 7. Be3 a6 8. Bc4 b5 9. Bb3 Bb7 10. Qd2 Nbd7 11. 0-0-0 b4 12. Nd5 a5 13. Nxf6+ Nxf6 14. Ba4+ Nd7 15. h4 0-0 16. h5 Nb6 17. Bb5 Ba6 18. Bxa6 Rxa6 19. hxg6 hxg6 20. Bh6 d5 21. Bxg7 Kxg7 22. Qh6+ Kf6 23. e5+ Kxe5 24. Nc6+ Kd6 25. Nxd8 Rxd8 26. Qf4+ Kc6 27. Qxf7 Nc4 28. Qxe7 Rc8 29. Qe6+ Kb7 30. Rh7+ Rc7 31. Rxc7+ Kxc7 32. Qxa6 Ne3 33. Re1 d4 34. Qa7+ Kc6 35. Qxd4 g5 36. Rxe3 a4 37. Re6+ Kc7 38. Qd6+ Kb7 39. Qd7+ Kb8 40. Re8# 1-0

[Event "Ulaanbaatar Ikh Nuudel op"]
[Site "Ulaanbaatar"]
[Date "2016.09.29"]
[Round "1"]
[White "Enkhsaran, Batsaikhan"]
[Black "Boldoo, Erdenepurev"]
[Result "0-1"]
[WhiteElo "1380"]
[BlackElo "2212"]
[PlyCount "56"]
[EventDate "2016.09.29"]
[EventType "swiss"]
[EventRounds "9"]
[EventCountry "MGL"]
[SourceTitle "CBM 174 Extra"]
[Source "ChessBase"]
[SourceDate "2016.10.10"]
[SourceVersion "1"]
[SourceVersionDate "2016.10.10"]
[SourceQuality "1"]

1. e4 c5 2. Nf3 e6 3. d4 cxd4 4. Nxd4 Nc6 5. Nc3 a6 6. Bd3 Nf6 7. f3 Bb4 8. a3 Bxc3+ 9. bxc3 d5 10. Nxc6 bxc6 11. e5 Nd7 12. f4 0-0 13. Be3 c5 14. 0-0 g6 15. Rf3 f5 16. Rh3 Qe7 17. g4 Bb7 18. Bf2 Qf7 19. gxf5 exf5 20. Bh4 Rfe8 21. Bg5 Kf8 22. Qe1 Rac8 23. Qh4 d4 24. Rb1 c4 25. Be2 d3 26. cxd3 cxd3 27. Bxd3 Qd5 28. Qg3 Rxc3 0-1

[Event "Wch U08 Girls"]
[Site "Porto Carras"]
[Date "2015.11.02"]
[Round "8"]
[White "Enkhsaran, Batsaikhan"]
[Black "Prathivya, Gupta"]
[Result "1-0"]
[WhiteElo "1432"]
[BlackElo "1312"]
[PlyCount "57"]
[EventDate "2015.10.25"]
[EventType "swiss"]
[EventRounds "11"]
[EventCountry "GRE"]
[SourceTitle "CBM 169 Extra"]
[Source "ChessBase"]
[SourceDate "2015.12.18"]
[SourceVersion "1"]
[SourceVersionDate "2015.12.18"]
[SourceQuality "1"]

1. d4 Nf6 2. Nf3 e6 3. Bg5 d5 4. e3 Be7 5. Bd3 0-0 6. 0-0 Nbd7 7. Nbd2 b6 8. Ne5 Bb7 9. f4 c5 10. c3 h6 11. Bh4 Ne4 12. Bxe7 Qxe7 13. Rf3 Ndf6 14. Rh3 Rac8 15. g4 Nxd2 16. Qxd2 Ne4 17. Qe2 Rfd8 18. g5 f6 19. Bxe4 dxe4 20. gxf6 Qxf6 21. Kh1 Kf8 22. Rg1 Ke7 23. Rg6 Qf8 24. Qg4 Kd6 25. Rxg7 Rc7 26. Nc4+ Kc6 27. Qxe6+ Kb5 28. Rxc7 Bd5 29. Na3+ 1-0